Estadísticas para 25 Ciudades más Fotografiadas en Europa

Haz click aquí para tomar la prueba!

Estadísticas generales

  • Esta prueba ha sido tomada 2.573 veces
  • La puntuación promedio es 16 de 25

Estadísticas de respuestas

#Ciudad% Correcto
3París
99%
10Madrid
98%
1Roma
97%
2Barcelona
96%
11Londres
96%
19Berlín
93%
21Ámsterdam
82%
18Atenas
79%
15Viena
78%
25Dublin
75%
9Praga
75%
12Lisboa
74%
5Venecia
74%
8Budapest
65%
7Florencia
64%
13Múnich
62%
24Valencia
52%
6Mónaco
47%
4Estambul
42%
20Oporto
39%
17Granada
26%
23San Sebastián
13%
16Salzburgo
12%
14Verona
10%
22Fira
9%

Distribución de puntuación

Porcentaje por número respondido

Porcentaje de gente con cada puntuación

Historial de tus puntuaciones

No has tomado esta prueba